| 000 | 01130cam a22003497a 4500 | ||
|---|---|---|---|
| 003 | CHAP | ||
| 005 | 20220329133402.0 | ||
| 008 | 971013s1982 r 00010 d | ||
| 010 | _a5768 | ||
| 011 | _a6740 | ||
| 035 | _a5963 | ||
| 040 | _cCHAP | ||
| 090 | _aFolleto 13883 | ||
| 100 | 0 | 0 |
_aMastache Flores, Alba Guadalupe. _972836 |
| 245 | 1 | 3 | _aEl trabajo de la palma en la región de La Montaña, Guerrero |
| 260 |
_aChilpancingo, Gro. : _bUniversidad Autónoma de Guerrero, _c1982 |
||
| 300 | _a82 p. | ||
| 490 | 0 |
_aCuadernos de ciencias sociales _v; 4 |
|
| 500 | _a59-159 | ||
| 590 |
_aBATCH-UPD _b10 _c20130110 _lUCH01 _h0110 |
||
| 590 |
_aBATCH-UPD _b10 _c20130110 _lUCH01 _h1425 |
||
| 590 |
_aBATCH-UPD _b10 _c20130410 _lUCH01 _h0905 |
||
| 590 |
_aBATCH-UPD _b10 _c20130914 _lUCH01 _h2008 |
||
| 590 |
_aCONVERSION _b10 _c20130109 _lUCH01 _h1304 |
||
| 650 | 1 | 4 |
_aArtes y oficios. _97751 |
| 650 | 1 | 4 |
_aPalmas. _984969 |
| 700 | 0 |
_aMorett Sánchez, Elia Nora. _978763 |
|
| 830 | 0 |
_aCuadernos de ciencias sociales _v; 4 _929754 |
|
| 901 | _aBK | ||
| 942 | _cFOLL | ||
| 949 |
_aFolleto 13883 _bBC _cFOLL _d-15562 _eTS1 _i5963 _si _t4.00 |
||
| 999 |
_c5768 _d5768 |
||